000 00487nam a2200181Ia 4500
001 9400
005 20260306161715.0
008 260306t1999||||xx |||||||||||||| ||spa||
041 _aESP
082 _a378.4
_bA88
100 _aConsorcio de Universidades (Lima)
_eAUT
245 0 _aAutoevaluación institucional:
_bmanual para instituciones de educación superior
260 _c1999
300 _a97 páginas :
_c24 cm.
650 _aGEN
654 _aCED
942 _cLIB
_dJUS
_fJUS
_2ddc
_n
999 _c9400
_d9400